00518nam a2200145Ia 450000500170000000800460001703700290006304000200009204100130011208400210012524500720014624500390021826000090025754601060026620250508154203.0008 250505s9999 xx 000 0 eng d aBooks to be hide in OPAC aFEDLbengcFEDL aeng2eng a150, AME/OqFEDL 0aPsychological monographs. General and applied. Vol 72 No.1, 2 & 10 0cAMERICAN PSYCHOLOGICAL ASSOCIATION c1958 aThe use of rotter's social learning theory in developing a personality inventory by Shephard Liverant